000 00773cam a22002411 4500
001 agr27000044
003 DLC
005 20260227110946.0
008 860207s1926 gw 000 0 ger c
010 _aagr27000044
035 _a(OCoLC)13120668
040 _aU.S. Nat'l Agr. Lib.
_cCU
_dDLC
042 _apremarc
043 _ae-gx---
050 0 0 _aHD1955
_b.B4 1926
100 1 _aBeckmann, Fritz,
_d1888-
245 1 4 _aDie weltwirtschaftlichen beziehungen der deutschen landwirtschaft und ihre wirtschaftliche lage (1919-1926)
_cvon dr. F. Beckman ...
250 _a2., erweiterte aufl.
260 _aBerlin,
_bP. Parey,
_c1926.
300 _a2 p.l., 184 p.
_c27 cm.
650 0 _aAgriculture
_xEconomic aspects.
650 0 _aAgriculture
_xEconomic aspects
_zGermany.
999 _c9081
_d9081